Environmental impact assessment handbook : a practical guide for planners, developers and communities (Record no. 100570)

MARC details
000 -LEADER
fixed length control field 01071cam a2200265 4500
008 - FIXED-LENGTH DATA ELEMENTS--GENERAL INFORMATION
fixed length control field 000000n2002 000 0 eng u
020 ## - INTERNATIONAL STANDARD BOOK NUMBER
International Standard Book Number 0727727818
035 ## - SYSTEM CONTROL NUMBER
System control number (Sirsi) u106524
041 ## - LANGUAGE CODE
Language code of text/sound track or separate title eng
100 ## - MAIN ENTRY--PERSONAL NAME
Personal name Caroll, B.
245 ## - TITLE STATEMENT
Title Environmental impact assessment handbook : a practical guide for planners, developers and communities
260 ## - PUBLICATION, DISTRIBUTION, ETC.
Place of publication, distribution, etc. London
Name of publisher, distributor, etc. Thomas Telford
Date of publication, distribution, etc. 2002
300 ## - PHYSICAL DESCRIPTION
Extent xv,175p. : ill. ; 30cm.
350 ## - PRICE (NR) (BK AM CF MU VM SE) [OBSOLETE]
Price 40
520 ## - SUMMARY, ETC.
Summary, etc. Written for planners, developers and communities who need sufficient introduction to environmental impact assessment (EIA) to know what needs to be prepared by whom and when. Presents the requirements of the EIA procedures in the UK in a practical format, illustrated with case examples.
650 ## - SUBJECT ADDED ENTRY--TOPICAL TERM
Topical term or geographic name entry element DEVELOPMENT
650 ## - SUBJECT ADDED ENTRY--TOPICAL TERM
Topical term or geographic name entry element ENVIRONMENTAL IMPACT ASSESSMENTS
650 ## - SUBJECT ADDED ENTRY--TOPICAL TERM
Topical term or geographic name entry element ENVIRONMENTAL IMPACT ASSESSMENTS
650 ## - SUBJECT ADDED ENTRY--TOPICAL TERM
Topical term or geographic name entry element ENVIRONMENTAL MANAGEMENT
650 ## - SUBJECT ADDED ENTRY--TOPICAL TERM
Topical term or geographic name entry element ENVIRONMENTAL MONITORING
650 ## - SUBJECT ADDED ENTRY--TOPICAL TERM
Topical term or geographic name entry element PLANNING
690 ## - LOCAL SUBJECT ADDED ENTRY--TOPICAL TERM (OCLC, RLIN)
Topical term or geographic name as entry element ENVIRONMENTAL AND LAND CONSULTANCY
700 ## - ADDED ENTRY--PERSONAL NAME
Personal name Turpin, T.
942 ## - ADDED ENTRY ELEMENTS (KOHA)
Suppress in OPAC 0
Holdings
Withdrawn status Lost status Source of classification or shelving scheme Damaged status Not for loan Home library Current library Shelving location Date acquired Cost, normal purchase price Total Checkouts Full call number Barcode Date last seen Date last checked out Copy number Cost, replacement price Price effective from Koha item type
    Dewey Decimal Classification     London London Folio 24/05/2002 34.00 9 F711.1 CAR 30065865 06/08/2019 12/11/2009 1 34.00 06/08/2019 Book